Pintura mural en la Comunidad de Madrid / (Record no. 107541)

MARC details
000 -LEADER
campo de control de longitud fija 01706nam a2200313 i 4500
001 - NÚMERO DE CONTROL
campo de control 107541
003 - IDENTIFICADOR DE NÚMERO DE CONTROL
campo de control ES-MaACL
005 - FECHA Y HORA DE LA ÚLTIMA TRANSACCIÓN
campo de control 20250809180109.0
007 - CAMPO FIJO DE DESCRIPCIÓN FÍSICA--INFORMACIÓN GENERAL
campo de control de longitud fija t|
008 - DATOS DE LONGITUD FIJA--INFORMACIÓN GENERAL
campo de control de longitud fija 151020s2015 sp r ||||1| spa d
017 ## - NÚMERO DE COPYRIGHT O DE DEPÓSITO LEGAL
Número de copyright o de depósito legal M 9684-2015
Agencia que asigna Oficina Depósito Legal Madrid
020 ## - NÚMERO INTERNACIONAL ESTÁNDAR DEL LIBRO
Número Internacional Estándar del Libro 978-84-451-3513-6
080 ## - NÚMERO DE LA CLASIFICACIÓN DECIMAL UNIVERSAL
Número de la Clasificación Decimal Universal 75.052(460.27)
245 00 - MENCIÓN DEL TÍTULO
Título Pintura mural en la Comunidad de Madrid /
Mención de responsabilidad, etc. [autores, Félix Díaz Moreno ... et al.]
260 ## - PUBLICACIÓN, DISTRIBUCIÓN, ETC.
Lugar de publicación, distribución, etc. [Madrid] :
Nombre del editor, distribuidor, etc. Comunidad de Madrid, Dirección General de Patrimonio Histórico,
Fecha de publicación, distribución, etc. 2015
300 ## - DESCRIPCIÓN FÍSICA
Extensión 614 páginas :
Otras características físicas ilustraciones (color), mapas ;
Dimensiones 31 cm
Material acompañante/anejo
500 ## - NOTA GENERAL
Nota general Índices
504 ## - NOTA DE BIBLIOGRAFÍA, ETC.
Nota de bibliografía, etc. Referencias bibliográficas
520 ## - RESUMEN, ETC.
Sumario, etc. La publicación recoge lo más representativo del rico patrimonio que constituye la pintura mural de la Comunidad de Madrid, abarcando todos los períodos históricos, y recopilando los ejemplos más destacados existentes en bienes culturales de titularidad pública y privada, tanto de carácter religioso como civil. En total, muestra más de 150 representaciones, ordenadas cronológicamente y analizadas de forma detallada
530 ## - NOTA DISPONIBLE DE FORMULARIO FÍSICO ADICIONAL
Nota de formato físico adicional disponible Disponible en formato digital
650 #4 - PUNTO DE ACCESO ADICIONAL DE MATERIA--TÉRMINO DE MATERIA
Término de materia o nombre geográfico como elemento de entrada Pintura mural-
Subdivisión geográfica Madrid (Comunidad Autónoma)
9 (RLIN) 157946
700 1# - ENTRADA AGREGADA--NOMBRE PERSONAL
Nombre de persona Díaz Moreno, Félix
Término indicativo de función/relación Autor
9 (RLIN) 172702
710 1# - ENTRADA AGREGADA--NOMBRE DE ENTIDAD CORPORATIVA
Nombre de entidad corporativa o nombre de jurisdicción como elemento de entrada Madrid (Comunidad Autónoma).
Unidad subordinada Dirección General de Patrimonio Histórico
Término indicativo de función/relación Editor
9 (RLIN) 161737
852 4# - LOCALIZACIÓN
Ubicación ES-MaACL
Sublocalización o colección R.150741
Ubicación en estantería Depósito 1
Signatura antigua Olim: N-6441
Donativo/Legado Donación Comunidad de Madrid
Número de control de estantería A-13441
itemnumber 111629
856 4# - LOCALIZACIÓN Y ACCESO ELECTRÓNICOS
Identificador Uniforme de Recursos <a href="https://gestiona3.madrid.org/bvirtual/BVCM019198.pdf">https://gestiona3.madrid.org/bvirtual/BVCM019198.pdf</a>
Texto de enlace Versión en línea
Nota pública (PublicaMadrid)
942 ## - ELEMENTOS DE ENTRADA SECUNDARIOS (KOHA)
Fuente del sistema de clasificación o colocación Clasificación decimal universal
Tipo de ítem Koha Libro impreso
Suprimir en OPAC No
Holdings
Estatus retirado Estado de pérdida Fuente del sistema de clasificación o colocación Estado de daño No para préstamo Colección Biblioteca de origen Biblioteca actual Ubicación en estantería Fecha de adquisición Fuente de adquisición Total de préstamos Signatura topográfica completa Código de barras Visto por última vez Tipo de ítem Koha
    Clasificación decimal universal     Colección digital Biblioteca del Ateneo de Madrid Biblioteca del Ateneo de Madrid Depósito 1 20/10/2015 Donación   A-13441 1194284 23/02/2023 Libro impreso